[Event "AUTO-OPEN-3699"]
[Site "http://www.queenalice.com/game.php?id=1450795"]
[Date "2016.11.18"]
[Round "2"]
[White "ribeiroBR"]
[Black "Lindomar"]
[Result "0-1"]
[WhiteElo "2050"]
[BlackElo "2249"]

1. e4 e5 2. Nf3 Nc6 3. Bc4 Nf6 4. Nc3 Bc5 5. O-O d6 6. d3 Bg4 7. h3 Bh5 8. Bg5
h6 9. Bh4 O-O 10. Nd5 g5 11. Bg3 Nd4 12. c3 Nxf3+ 13. gxf3 Nxd5 14. Bxd5 c6 15.
Bb3 Kg7 16. d4 exd4 17. cxd4 Bb6 18. Kg2 f5 19. e5 d5 20. Qd3 f4 21. Bh2 Bg6 22.
Qd2 Qd7 23. Bc2 Bxc2 24. Qxc2 Bxd4 25. Rae1 Qe6 26. Re2 Rae8 27. Qb3 Rf7 28.
Rfe1 Rfe7 29. Qd3 c5 30. b3 a6 31. a4 Qg6 32. Qxg6+ Kxg6 33. h4 Rxe5 34. Kf1 Kf5
35. h5 b5 36. axb5 Rxe2 37. Rxe2 Rxe2 38. Kxe2 axb5 39. Kd3 Bxf2 40. Ke2 Be3 41.
Kd3 Ke5 42. Kc3 b4+ 43. Kd3 Bf2 44. Ke2 Be3 45. Kd3 Kd6 46. Ke2 Kc6 47. Kd3 Kb5
48. Kc2 c4 49. Kb2 Kc5 50. Kc2 Kd4 51. bxc4 dxc4 52. Kd1 Kd3 53. Ke1 b3 54. Kf1
b2 55. Kg2 b1=Q 56. Kh3 Ke2 57. Kg4 c3 58. Kh3 c2 59. Kg4 c1=Q 60. Kh3 Kxf3 61.
Bxf4 Qh1+ 62. Bh2 Qf5# 0-1

[Event "AUTO-OPEN-3699"]
[Site "http://www.queenalice.com/game.php?id=1450796"]
[Date "2016.11.18"]
[Round "2"]
[White "Lindomar"]
[Black "ribeiroBR"]
[Result "1-0"]
[WhiteElo "2234"]
[BlackElo "2057"]

1. d4 d5 2. c4 e6 3. Nc3 c6 4. e4 Nf6 5. e5 Nfd7 6. c5 Be7 7. f4 Bh4+ 8. g3 Be7
9. Nf3 b6 10. b4 bxc5 11. bxc5 O-O 12. Bd3 Na6 13. a3 Nc7 14. Qc2 g6 15. h4 f5
16. h5 Qe8 17. hxg6 Qxg6 18. Qh2 Rf7 19. Rb1 Rg7 20. Kf2 Nf8 21. Bd2 a6 22. Na4
Nb5 23. Nb6 Rb8 24. a4 Nc7 25. Rbg1 Qf7 26. Qh3 h5 27. Qxh5 Qxh5 28. Rxh5 Ne8
29. Rgh1 Kf7 30. a5 Bb7 31. Ne1 Rd8 32. Nc2 Nd7 33. Nb4 Nc7 34. Rh7 Bf8 35. Be2
Nb5 36. Ke3 Ke7 37. g4 fxg4 38. Bxg4 Nc7 39. f5 exf5 40. Bxf5 Ne6 41. Kd3 Kf7
42. R1h6 Nxe5+ 43. dxe5 Nxc5+ 44. Kc2 Rxh7 45. Rxh7+ Kg8 46. Bg5 Re8 47. Bf6 d4
48. Bg6 d3+ 49. Nxd3 Bg7 50. Rxg7+ Kf8 51. Nxc5 Bc8 52. Ncd7+ 1-0

[Event "AUTO-OPEN-3699"]
[Site "http://www.queenalice.com/game.php?id=1450799"]
[Date "2016.11.18"]
[Round "2"]
[White "Denilsohn"]
[Black "Lindomar"]
[Result "1-0"]
[WhiteElo "1541"]
[BlackElo "2256"]

1. e4 c5 2. b3 Nc6 3. Bb2 e6 4. Nf3 d5 5. exd5 exd5 6. Bb5 a6 7. Bxc6+ bxc6 8.
O-O Nf6 9. Ne5 Qd6 10. Re1 Be6 11. Ng4 Nxg4 12. Qxg4 O-O-O 13. Qe2 Kb7 14. Be5
Qd7 15. Nc3 Be7 16. Bxg7 Rhg8 17. Be5 Rg6 18. Na4 Rdg8 19. g3 Bg4 20. Qd3 h5 21.
Qc3 h4 22. Bf4 hxg3 23. fxg3 Qd8 24. Nxc5+ Bxc5+ 25. Qxc5 Re8 26. Qb4+ Ka8 27.
Rxe8 Qxe8 28. Qb6 Qc8 29. Be3 Qb7 30. Qd8+ Bc8 31. Rf1 Kb8 32. Qf8 f6 33. Bf4+
Ka7 34. Re1 Rg7 35. Re8 Rf7 36. Rxc8 Rxf8 37. Be3+ 1-0

[Event "AUTO-OPEN-3699"]
[Site "http://www.queenalice.com/game.php?id=1450800"]
[Date "2016.11.18"]
[Round "2"]
[White "Lindomar"]
[Black "Denilsohn"]
[Result "1-0"]
[WhiteElo "2233"]
[BlackElo "1571"]

1. d4 d5 2. c4 dxc4 3. Nf3 Nf6 4. Nc3 c6 5. a4 Bg4 6. e3 e6 7. Bxc4 Bd6 8. O-O
O-O 9. e4 Bxh2+ 10. Kxh2 Bxf3 11. Qxf3 Qxd4 12. Bb3 Nbd7 13. Be3 Qb4 14. Ra3 Ne5
15. Qe2 Rad8 16. Rd1 Nxe4 17. Nxe4 Qxe4 18. Bc2 Qh4+ 19. Kg1 Ng4 20. Bf4 Rxd1+
21. Bxd1 Nf6 22. Bg3 Qh6 23. Rd3 Nd5 24. Qd2 Qxd2 25. Rxd2 f5 26. Be5 g6 27. Bb3
h5 28. Bxd5 exd5 29. f4 a5 30. Bc7 b5 31. axb5 a4 32. b6 Kg7 33. b7 Kh6 34. b8=Q
Rxb8 35. Bxb8 g5 36. fxg5+ 1-0

[Event "OS INCLIVES"]
[Site "http://www.queenalice.com/game.php?id=1451881"]
[Date "2016.11.25"]
[Round "-"]
[White "adelio"]
[Black "Lindomar"]
[Result "0-1"]
[WhiteElo "1699"]
[BlackElo "2255"]

1. d4 d5 2. e4 dxe4 3. Nc3 Nf6 4. f3 e3 5. Bxe3 e6 6. Nh3 Be7 7. Ng5 O-O 8. Nce4
Nbd7 9. Bd3 h6 10. Nxf6+ Nxf6 11. h4 Nd5 12. g3 Nxe3 13. Qe2 Bxg5 14. hxg5 Qxg5
15. Kf2 Nf5 16. Rag1 Nxd4 17. Qe3 Qxe3+ 18. Kxe3 c5 19. g4 f6 20. Bg6 Bd7 21. f4
Bc6 22. Rh3 Rfd8 23. c3 Nb5 24. f5 exf5 25. gxf5 Be8 26. a4 Nc7 27. Bxe8 Rxe8+
28. Kf2 Kf8 29. Rhg3 Re7 30. Kg2 Rd8 31. Kh3 Rd2 32. b4 cxb4 33. cxb4 Nd5 34.
Rf3 Nxb4 35. Rgg3 b6 36. Rb3 Na6 37. a5 Nc5 38. Rbf3 Ne4 39. Rg6 Ng5+ 40. Rxg5
hxg5 41. Kg3 bxa5 42. Kg4 Kf7 43. Kg3 a4 44. Rf2 Rxf2 45. Kxf2 a3 46. Kf3 a2 47.
Kf2 a1=Q 48. Kf3 Qf1+ 49. Kg3 Re3+ 50. Kh2 Rh3# 0-1

[Event "AUTO-ELITE-1680"]
[Site "http://www.queenalice.com/game.php?id=1451914"]
[Date "2016.11.25"]
[Round "2"]
[White "Lindomar"]
[Black "FabioDavid"]
[Result "0-1"]
[WhiteElo "2255"]
[BlackElo "2535"]

1. d4 f5 2. c4 Nf6 3. Nc3 e6 4. g3 Bb4 5. Qc2 c5 6. a3 Qa5 7. e3 Bxc3+ 8. bxc3
O-O 9. Bg2 Qa6 10. Qb3 Nc6 11. Qb5 b6 12. dxc5 bxc5 13. Ne2 Rb8 14. Qxc5 Ne4 15.
Bxe4 fxe4 16. O-O Rf5 17. Qd6 Qxc4 18. Nd4 Rd5 19. Qc7 Ba6 20. Rd1 e5 21. Nxc6
Rxd1+ 0-1

[Event "AUTO-ELITE-1680"]
[Site "http://www.queenalice.com/game.php?id=1451915"]
[Date "2016.11.25"]
[Round "2"]
[White "FabioDavid"]
[Black "Lindomar"]
[Result "1-0"]
[WhiteElo "2539"]
[BlackElo "2249"]

1. b3 d5 2. Bb2 c5 3. e3 Nc6 4. Nf3 Nf6 5. Bb5 Bd7 6. O-O e6 7. d3 Bd6 8. e4 Be7
9. Nbd2 O-O 10. Bxc6 Bxc6 11. Ne5 Qc7 12. Nxc6 Qxc6 13. Qe2 dxe4 14. dxe4 Rfd8
15. Rfe1 b5 16. c4 a6 17. Nf3 Rd7 18. Ne5 1-0

[Event "AUTO-OPEN-3740"]
[Site "http://www.queenalice.com/game.php?id=1454978"]
[Date "2016.12.15"]
[Round "1"]
[White "TITAN10"]
[Black "Lindomar"]
[Result "0-1"]
[WhiteElo "1931"]
[BlackElo "2246"]

1. e4 e5 2. Nf3 Nc6 3. Bb5 a6 4. Ba4 Nf6 5. O-O b5 6. Bb3 Bc5 7. h3 d6 8. d3 O-O
9. c3 Na5 10. Bc2 Bb6 11. Bg5 h6 12. Bh4 Re8 13. Re1 c5 14. Nbd2 Bd7 15. b4 cxb4
16. cxb4 Nb7 17. Qe2 Be6 18. a3 a5 19. Rec1 axb4 20. axb4 Rxa1 21. Rxa1 Qc7 22.
Nb3 Qc3 23. Qd2 Rc8 24. Qxc3 Rxc3 25. Ra6 Bxf2+ 26. Bxf2 Rxc2 27. Rb6 Bxb3 28.
Rxb7 Ba4 29. Rb6 Rc1+ 30. Ne1 Ne8 31. Kf1 Rb1 32. Rc6 Rxb4 33. Nc2 Bxc2 34. Rxc2
Rb1+ 35. Ke2 Kf8 36. Be1 Ke7 37. Ra2 Ke6 38. Bc3 Nf6 39. Ra7 b4 40. Bd2 b3 41.
Rb7 b2 42. Bc3 Rg1 43. Rxb2 Rxg2+ 44. Kf3 Rxb2 45. Bxb2 d5 46. Ba3 dxe4+ 47.
dxe4 h5 48. Ke3 g5 49. Bc1 g4 50. hxg4 hxg4 51. Bd2 Nh5 52. Be1 Kf6 53. Bh4+ Kg6
54. Kf2 Nf4 55. Bd8 Kh5 56. Bf6 Kg6 57. Bh8 f6 58. Kg3 Kg5 59. Bg7 Nh5+ 0-1

[Event "AUTO-OPEN-3740"]
[Site "http://www.queenalice.com/game.php?id=1454979"]
[Date "2016.12.15"]
[Round "1"]
[White "Lindomar"]
[Black "TITAN10"]
[Result "1-0"]
[WhiteElo "2237"]
[BlackElo "1914"]

1. d4 Nf6 2. c4 e6 3. Nf3 c5 4. d5 d6 5. Nc3 Be7 6. e4 e5 7. h3 h6 8. Be3 a6 9.
g3 Bd7 10. a4 O-O 11. Bg2 Nh7 12. h4 f5 13. exf5 Bxf5 14. O-O Nd7 15. Nd2 Ndf6
16. b3 Qa5 17. Qc1 Rab8 18. Nce4 Nxe4 19. Nxe4 Bxe4 20. Bxe4 Nf6 21. Bg2 Qc7 22.
Qc2 Rbe8 23. Bh3 e4 24. Rae1 Bd8 25. Be6+ Kh8 26. Qd2 Nh7 27. Bf4 Nf6 28. Qc1
Be7 29. Re2 b6 30. Rfe1 Nh5 31. Bxh6 1-0

[Event "AUTO-OPEN-3740"]
[Site "http://www.queenalice.com/game.php?id=1455002"]
[Date "2016.12.15"]
[Round "1"]
[White "Lindomar"]
[Black "abelhm"]
[Result "1-0"]
[WhiteElo "2239"]
[BlackElo "2162"]

1. d4 e6 2. c4 b6 3. Nc3 Bb7 4. a3 f5 5. Nf3 Nf6 6. Bg5 h6 7. Bxf6 Qxf6 8. g3
Bxf3 9. exf3 Nc6 10. d5 Qe5+ 11. Be2 exd5 12. Nxd5 O-O-O 13. O-O Qxb2 14. f4 Qd4
15. Qc2 g6 16. Rfd1 Qg7 17. Qa4 Kb7 18. Rab1 Bc5 19. Bf3 h5 20. Nb4 Bxb4 21.
axb4 Kb8 22. Ra1 a5 23. Bxc6 dxc6 24. bxa5 Rxd1+ 25. Rxd1 Kb7 26. a6+ Ka7 27.
Qxc6 Rb8 28. Rd7 Qa1+ 29. Kg2 Qxa6 30. Rxc7+ Rb7 31. Rc8 Rb8 32. Rxb8 Kxb8 33.
Qxg6 Qb7+ 34. Kg1 Qe4 35. Qxb6+ Kc8 36. Qc5+ Kd7 37. Qb5+ Ke7 38. Qb4+ Kf7 39.
Qc3 h4 40. f3 Qe2 41. gxh4 Qd1+ 42. Kg2 Qe2+ 43. Kg3 Qf1 44. Qe3 Qxc4 45. Qe5
Kg6 46. h5+ Kxh5 47. Qxf5+ Kh6 48. Qe5 Qf1 49. Qe3 Kg7 50. h4 Qa6 51. h5 Qb7 52.
Qe5+ Kg8 53. Qe6+ Kf8 54. h6 Qb1 55. Qf6+ Ke8 56. Qg7 Qg1+ 57. Kh4 Qh2+ 58. Kg4
Qg2+ 59. Kf5 Qxf3 60. Qg6+ Kd8 61. Qf6+ Kc7 62. Kg6 Qe4+ 63. f5 Qg2+ 64. Kh7 Qd5
65. Qe7+ Kb8 66. Qf8+ Kb7 67. f6 Qf5+ 68. Kh8 Qf4 69. f7 1-0

[Event "AUTO-OPEN-3740"]
[Site "http://www.queenalice.com/game.php?id=1455003"]
[Date "2016.12.15"]
[Round "1"]
[White "abelhm"]
[Black "Lindomar"]
[Result "1/2-1/2"]
[WhiteElo "2108"]
[BlackElo "2241"]

1. e4 e5 2. Nf3 Nc6 3. Nc3 Bc5 4. Bb5 d6 5. d4 exd4 6. Nxd4 Bd7 7. Be3 Qf6 8.
Bxc6 bxc6 9. O-O Ne7 10. Re1 O-O 11. Nb3 Bxe3 12. Rxe3 Ng6 13. Qd4 Qxd4 14. Nxd4
Ne5 15. b3 a6 16. Nf3 Nxf3+ 17. Rxf3 Rfe8 18. Re1 a5 19. a4 Rab8 20. Rfe3 f6 21.
h3 Kf7 22. Nb1 c5 23. Nd2 Be6 24. f4 g6 25. Nf3 c4 26. Nd4 cxb3 27. cxb3 Bd7 28.
Rc1 c5 29. Nf3 Bc6 30. Rce1 Re7 31. Kf2 Rbe8 32. Nd2 d5 33. exd5 Rxe3 34. Rxe3
Rxe3 35. Kxe3 Bxd5 36. g3 Ke6 37. Nc4 Bxc4 38. bxc4 h5 39. g4 h4 40. Ke4 Kd6
1/2-1/2

[Event "AUTO-MASTER-2555"]
[Site "http://www.queenalice.com/game.php?id=1460788"]
[Date "2017.1.22"]
[Round "1"]
[White "Lightbug"]
[Black "Lindomar"]
[Result "0-1"]
[WhiteElo "1973"]
[BlackElo "2251"]

1. d4 Nf6 2. c4 e6 3. Nf3 b6 4. g3 Bb7 5. Bg2 Bb4+ 6. Nbd2 O-O 7. O-O d5 8. cxd5
Bxd5 9. Qc2 Nbd7 10. a3 Be7 11. Nc4 c5 12. dxc5 Bxc5 13. Ne3 Rc8 14. Qb1 Bb7 15.
Rd1 Be4 16. Qa2 Qc7 17. Bd2 Rfd8 18. Rac1 Qb7 19. b4 Be7 20. Rxc8 Rxc8 21. Rc1
Rxc1+ 22. Bxc1 Qc6 23. Bb2 Qa4 24. Qc4 h6 25. Nd2 Bxg2 26. Kxg2 Nf8 27. Ne4 Nxe4
28. Qxe4 Qb3 29. Qb1 Bf6 30. Nd1 Bxb2 31. Nxb2 Qxa3 32. Nd3 Qc3 33. Qa2 a5 34.
bxa5 bxa5 35. Qa4 Qd2 36. Kf3 Qc3 37. Kg2 Qc7 38. Nb2 Qb7+ 39. Kf1 Qh1# 0-1

[Event "AUTO-MASTER-2555"]
[Site "http://www.queenalice.com/game.php?id=1460789"]
[Date "2017.1.22"]
[Round "1"]
[White "Lindomar"]
[Black "Lightbug"]
[Result "1-0"]
[WhiteElo "2255"]
[BlackElo "1968"]

1. d4 e6 2. c4 d5 3. Nc3 Nf6 4. Bg5 Nbd7 5. e3 c6 6. Nf3 Be7 7. Bd3 O-O 8. O-O
h6 9. Bh4 Nh7 10. Bxe7 Qxe7 11. Rc1 Ng5 12. Nxg5 Qxg5 13. f4 Qe7 14. Rf2 Nf6 15.
a3 Bd7 16. c5 b6 17. b4 b5 18. h3 a5 19. Ne2 Nh5 20. g4 Nf6 21. Rg2 axb4 22.
axb4 Ra2 23. g5 hxg5 24. fxg5 Nh7 25. h4 e5 26. Nf4 Rxg2+ 27. Nxg2 exd4 28. exd4
Re8 29. Qf3 Be6 30. Re1 Qd7 31. Nf4 Nf8 32. Qe3 Ra8 33. h5 Bf5 34. Qe7 Qxe7 35.
Rxe7 Bxd3 36. Nxd3 Ne6 37. g6 Kf8 38. Rxf7+ Kg8 39. Ne5 Nxd4 40. Rc7 Kf8 41.
Nxc6 Nxc6 42. Rxc6 Rd8 43. Rd6 1-0

[Event "AUTO-MASTER-2555"]
[Site "http://www.queenalice.com/game.php?id=1460802"]
[Date "2017.1.22"]
[Round "1"]
[White "Lindomar"]
[Black "roserl"]
[Result "1-0"]
[WhiteElo "2251"]
[BlackElo "2025"]

1. d4 d5 2. c4 e6 3. Nf3 Nf6 4. Nc3 c5 5. Bg5 cxd4 6. Nxd4 Be7 7. cxd5 Nxd5 8.
Bxe7 Nxe7 9. Ndb5 Nd5 10. Nxd5 exd5 11. Qxd5 Qa5+ 12. Nc3 Qb4 13. Qb5+ Nc6 14.
e3 O-O 15. Be2 a6 16. Qxb4 Nxb4 17. O-O Bf5 18. a3 Nc6 19. Rfd1 Rfd8 20. Kf1 Ne5
21. Rxd8+ Rxd8 22. Rd1 Rxd1+ 23. Nxd1 Kf8 24. f3 Ke7 25. e4 Be6 26. Nc3 Kd6 27.
Kf2 b5 28. Ke3 g5 29. g3 Bc4 30. f4 gxf4+ 31. gxf4 Ng6 32. Bxc4 bxc4 33. e5+ Kc5
34. Ke4 Ne7 35. h4 h5 36. f5 Nc6 37. Ne2 Ne7 38. Nf4 1-0

[Event "AUTO-MASTER-2555"]
[Site "http://www.queenalice.com/game.php?id=1460803"]
[Date "2017.1.22"]
[Round "1"]
[White "roserl"]
[Black "Lindomar"]
[Result "0-1"]
[WhiteElo "1989"]
[BlackElo "2256"]

1. e4 e5 2. Nf3 Nc6 3. Bb5 a6 4. Ba4 Nf6 5. O-O b5 6. Bb3 Bc5 7. c3 d6 8. h3 O-O
9. Re1 Bd7 10. d4 exd4 11. cxd4 Bb6 12. Bg5 h6 13. Bh4 Na5 14. Bc2 Bc6 15. a3
Re8 16. Qd3 g6 17. Nc3 Bb7 18. b4 Nc6 19. Rad1 g5 20. Bg3 Ne7 21. e5 dxe5 22.
Bxe5 Ng6 23. Bb3 Nd5 24. Ne4 Ngf4 25. Qc2 Re6 26. Kh2 f6 27. Nxf6+ Rxf6 28. Bxf6
Qxf6 29. Ne5 Rd8 30. Ng4 Qd6 31. g3 Nh5 32. Re5 Kg7 33. Qf5 Ndf6 34. Re6 Qf8 35.
Ne5 Be4 36. Ng6 Bxf5 37. Nxf8 Kxf8 38. g4 Bxe6 39. Bxe6 Nf4 40. Bf5 Rxd4 0-1

[Event "AUTO-MASTER-2555"]
[Site "http://www.queenalice.com/game.php?id=1460804"]
[Date "2017.1.22"]
[Round "1"]
[White "Lindomar"]
[Black "abelhm"]
[Result "1-0"]
[WhiteElo "2247"]
[BlackElo "2162"]

1. d4 e6 2. c4 Bb4+ 3. Nc3 Bxc3+ 4. bxc3 Nf6 5. Bg5 b6 6. f3 h6 7. Bh4 O-O 8. e4
g5 9. Bf2 d6 10. Bd3 Nbd7 11. Ne2 e5 12. Qd2 Qe7 13. h4 Nh7 14. Ng3 exd4 15.
cxd4 c5 16. Nf5 Qf6 17. hxg5 hxg5 18. O-O-O cxd4 19. Rh6 1-0

[Event "AUTO-MASTER-2555"]
[Site "http://www.queenalice.com/game.php?id=1460805"]
[Date "2017.1.22"]
[Round "1"]
[White "abelhm"]
[Black "Lindomar"]
[Result "1-0"]
[WhiteElo "2177"]
[BlackElo "2256"]

1. e4 e5 2. Nf3 Nc6 3. Nc3 Bc5 4. Bb5 d6 5. Bxc6+ bxc6 6. d4 exd4 7. Nxd4 Bd7 8.
O-O Nf6 9. Bg5 O-O 10. Nb3 Bb6 11. Qf3 Re8 12. Bxf6 Qxf6 13. Qxf6 gxf6 14. Rad1
f5 15. Rfe1 fxe4 16. Nxe4 Kg7 17. Ng3 Rxe1+ 18. Rxe1 Re8 19. Rd1 a5 20. Nd2 d5
21. h3 Kg6 22. Nf3 f6 23. Kf1 Re7 24. Nh4+ Kf7 25. Nhf5 Re5 26. Nh4 Bc8 27. Nf3
Ba6+ 28. Kg1 Re8 29. Nd4 Bxd4 30. Rxd4 Re1+ 31. Kh2 Rc1 32. Rd2 Bc8 33. Ne2 Rb1
34. c3 a4 35. a3 Re1 36. Nd4 Bd7 37. Nc2 Re4 38. Nb4 Ke7 39. Na6 Kd6 40. Nb4 Be6
41. Nc2 c5 42. Kg3 c6 43. f3 Re5 44. Kf2 h5 45. Ne3 f5 46. Nc4+ 1-0

[Event "AUTO-OPEN-3740"]
[Site "http://www.queenalice.com/game.php?id=1469887"]
[Date "2017.3.22"]
[Round "2"]
[White "AsterixTwin"]
[Black "Lindomar"]
[Result "1-0"]
[WhiteElo "2533"]
[BlackElo "2258"]

1. e4 e5 2. Nf3 Nc6 3. d4 exd4 4. c3 d3 5. Bxd3 d6 6. h3 Nf6 7. O-O Be7 8. Bf4
O-O 9. Nbd2 Re8 10. Qc2 h6 11. Rfe1 a6 12. Rad1 Bd7 13. e5 dxe5 14. Nxe5 Nxe5
15. Bxe5 Bf8 16. Nf3 c5 17. Bxf6 Rxe1+ 18. Nxe1 Qxf6 19. Bh7+ Kh8 20. Rxd7 Qe6
21. Rd1 g6 22. Bxg6 Qxg6 23. Qxg6 fxg6 24. f4 Re8 25. Nf3 Re2 26. Rd2 Re6 27.
Kf2 b5 28. Ne5 Bg7 29. Rd5 c4 30. Kf3 Bxe5 31. fxe5 Kg7 32. Ke4 Kf7 33. Rd7+ Ke8
34. Rd6 Ke7 35. Kd5 Rxd6+ 36. exd6+ Kd7 37. a3 h5 38. h4 1-0

[Event "AUTO-OPEN-3740"]
[Site "http://www.queenalice.com/game.php?id=1469888"]
[Date "2017.3.22"]
[Round "2"]
[White "Lindomar"]
[Black "AsterixTwin"]
[Result "0-1"]
[WhiteElo "2254"]
[BlackElo "2538"]

1. d4 d5 2. c4 e6 3. Nc3 Nf6 4. Bg5 c6 5. e3 Be7 6. Nf3 Nbd7 7. Bd3 O-O 8. O-O
b6 9. Re1 Bb7 10. cxd5 exd5 11. Rc1 Ne4 12. Bxe7 Qxe7 13. Qc2 Rae8 14. a3 f5 15.
b4 a6 16. Qb3 Kh8 17. a4 b5 18. axb5 axb5 19. Ra1 g5 20. Re2 g4 21. Nd2 Nb6 22.
Bxe4 fxe4 23. Nf1 Nc4 24. Ra7 Rf7 25. Rea2 Ref8 26. Nd1 h5 27. Qc2 Qg5 28. Nd2
h4 29. Nxc4 bxc4 30. Qa4 g3 31. h3 gxf2+ 32. Rxf2 Rxf2 33. Nxf2 Qxe3 34. Qd1
Qxf2+ 35. Kh1 Qf1+ 0-1